000 00548nam a2200217Ia 4500
003 OSt
005 20220926035636.0
006 a|||||r|||| 00| 0
007 ta
008 220923b |||||||| |||| 00| 0 eng d
037 _cGeneral Book
040 _aRTL
_cRTL
_beng
041 _2eng
_aeng
082 _aX:8G, J8
100 _aSheff Alexander L
_9342583
245 0 _aBookkeeping made easy
260 _c1958
650 _aBook Keeping
_9259606
942 _hX:8G, J8
_cGB
_2CC
999 _c662741
_d662741